Zakládání staveb pro 3. ročník SPŠS, obor dopravní a vodohospodářské stavby

Saved in:
Bibliographic Details
Main Author: Svoboda, František (Author)
Format: Book
Language:Czech
Published: Praha : SNTL, 1982
Edition:2. vyd.
Tags: Add Tag
No Tags, Be the first to tag this record!

MARC

LEADER 00000nam a22000003a 4500
001 stu140016
005 20150617225926.1
008 070413s1982----xr------------------cze-d
040 |a STU  |b slo 
041 0 |a cze 
044 |a xr 
080 |a 624.15 
100 1 |a Svoboda, František  |4 aut 
245 1 |a Zakládání staveb pro 3. ročník SPŠS, obor dopravní a vodohospodářské stavby 
250 |a 2. vyd. 
260 |a Praha :  |b SNTL,  |c 1982 
300 |a 191 s 
996 |b 284V030066  |c V*28797/O-11315  |l VVS  |s A  |a 24  |w stu140016_0001 
996 |b 284V030065  |c V*28798/O-11315a  |l VVS  |s A  |a 24  |w stu140016_0002